000 00727nam a2200265Ia 4500
003 OSt
005 20220912151226.0
006 a|||||r|||| 00| 0
007 ta
008 220909b |||||||| |||| 00| 0 eng d
024 _a49899
037 _cTextual
040 _aCSL
_beng
_cCSL
041 _aeng
082 _aI:33:C5, H9
100 _aFranck James Ed.
245 0 _aPhotosynthesis in plants: a monograph of the American Society of plants physiologists
260 _c1949
300 _avii, 500p.
_ccm.
650 _a Plant metabolism
650 _aBotany
700 _a Loomis Walter E Ed.
942 _hI:33:C5, H9
_cTEXL
_2CC
999 _c63966
_d63966